| 000 | 00399nam a2200145 i 4500 | ||
|---|---|---|---|
| 001 | 49844 | ||
| 003 | ES-MaACL | ||
| 007 | t| | ||
| 008 | 030724s1906 sp ||||1| cat d | ||
| 100 | 1 |
_aCoy Cotonat, Agustín. _941406 |
|
| 245 | 1 | 0 |
_aSort y comarca Noguer-Pallaresa / _cAgustín Coy Cotonat. |
| 260 |
_aBarcelona : _bJosé Cumell, _c1906. |
||
| 300 |
_a668 p. ; _c24 cm. |
||
| 852 |
_aES-MaACL _jG-42 |
||
| 999 |
_c49844 _d49844 |
||